5 to 1: Lakes Quiz Stats

 Plays Quiz Updated Mar 31, 2020

Support Sporcle.
Go Orange.
Score 0/15 Timer 03:00
1 Play Today
% Correct
Winnipeg
93.5%
Huron
91.8%
Tanganyika
88.8%
Qinghai
82.9%
Issyk-Kul
71.5%
Titicaca
70.7%
Nyassa
65.7%
Rukwa
59.7%
% Correct
Okeechobee
57.7%
Turkana
49%
Athabasca
47.5%
Volta
46.9%
Balaton
40.5%
Vänern
38.6%
Taymyr
33.2%

From the Vault

Correct Title of Literary Works

by Chameleon

Well, it would be pretty unfortunate if things were known by incorrect titles.
Remove Ads.
Support Sporcle.
Get the best of Sporcle when you Go Orange. This ad-free experience offers more features, more stats, and more fun while also helping to support Sporcle. Thank you for becoming a member.

Show Comments

Extras

Top Quizzes Today


Score Distribution

Your Account Isn't Verified!

In order to create a playlist on Sporcle, you need to verify the email address you used during registration. Go to your Sporcle Settings to finish the process.

Report this User

Report this user for behavior that violates our Community Guidelines.

Details: